000
00227nmm a2200085Ia 4500
008
220120s9999||||xx |||||||||||||||||und||
100
_a
EFY
245
0
_a
March 2011 : microwave and RF designing software
260
_a
EFY enterprises
999
_c
139655
_d
139655